000 00785nam a2200217Ia 4500
003 GCL
008 140319s9999 xx 000 0 ara d
040 _aGCL /
_cGCL
082 0 4 _a210.9496
_bن أ
100 1 _aعبدالوهاب علوب
245 1 0 _aالاسلام فى البلقان :
_bالدين والمجتمع بين اوروبا - العالم العربى /
_cعبدالوهاب علوب
700 1 _aنوريس، هـ . ت
700 1 _aمحمد خليفه حسن
250 _aالاولى
260 _aالقاهرة :
_bالمجلس الاعلى للثقافة ،
_c1999
300 _a299 ص ؛
_c24 سم
490 _aالمشروع القومى للترجمة
_v49
650 0 4 _aالبلقان
650 0 4 _aالبلقان - تاريخ
942 _2ddc
_cBK
999 _c4489
_d4489